000 01222nam a2200301 i 4500
003 EG-GICUC
005 20260126124225.0
008 260126s1981 ua ||||fr|||| 001 0 ara d
040 _a EG-GICUC
_bara
_c EG-GICUC
_d EG-GICUC
_erda
041 _aara
082 0 4 _a343.432
_bس ي . ت
_221
092 0 4 _221
099 _aLaw1 10 343.432 س ي . ت 1981 1006312
100 0 _aالسيد خلف محمد.
_eمؤلف.
245 1 2 _aالتجريم والعقاب في قانون المرور :
_bالقتل والإصابة الخطأ والتأمين الإجباري على السيارات /
_cالسيد خلف محمد.
264 1 _aالقاهرة :
_bالسيد خلف محمد،
_c1981.
300 _a163 صفحة ؛
_c24 سم.
_bإيضاحيات، صور، مثيليات ؛
336 _2rda content
_atext
337 _2rda media
_aComputer
338 _2rda carrier
_aOnline Resource
504 _aيشتمل على ارجاعات ببليوجرافية.
546 _aالنص باللغة العربية
650 1 _aالتشريع الخاص بالمرور.
_2qrmak
651 1 _2qrmak
856 4 0 _uhttps://fll.law.cu.edu.eg/fulltext/bks/B10-06312.pdf
905 _a18
942 _2ddc
_n0
_cBK
_e21
999 _c59440
_d59440